00659 2200229 4500001002100000005001500021035002000036007000300056008004100059020002200100082001100122084001700133100002300150245009900173250001100272260003900283300003200322650002600354504003100380990000900411990000900420INLIS00000000000156520220524094556 a0010-0218000160ta220524 g 0 ind  a978-602-98040-7-2 a302.23 a302.23 PRA f0 aPRATYAHARA, A.Dayu1 aFearless Public Speaking :bBerpidato dan Berpresentasi Tanpa Rasa Takut /cA. Dayu Pratyahara acet. 1 aYogyakarta :bNew Diglossia,c2011 aviii; 136 hlm ;c12 x 18 cm 4aPIDATO BAHASA INGGRIS aBibliografi; hlm 132 - 134 a3217 a3217